Teorías del arte contemporáneo. Fuentes artísticas y opiniones críticas.
Sparad:
| Huvudupphovsman: | |
|---|---|
| Övriga upphovsmän: | , , |
| Materialtyp: | Bok |
| Språk: | spanska |
| Publicerad: |
Madrid, España:
Ediciones Akal,
1995.
|
| Serie: | Colección Fuentes de Arte, Serie Mayor,
|
| Ämnen: | |
| Taggar: |
Lägg till en tagg
Inga taggar, Lägg till första taggen!
|
MARC
| LEADER | 00000nam a2200000 a 4500 | ||
|---|---|---|---|
| 001 | UCP4170 | ||
| 003 | CL-VaPUC | ||
| 005 | 20250321101905.0 | ||
| 008 | 990724t19950000SP |||||||||||||||||spa|d | ||
| 999 | |c 282223 |d 282221 | ||
| 020 | |a 978-84-460-0597-1 | ||
| 040 | |c Pontificia Universidad Católica de Valparaíso | ||
| 082 | 0 | 4 | |a 709.04 CHI 1995 |2 21 |
| 100 | |a Chipp, Herschel, B. |e autor |9 431617 | ||
| 245 | 1 | 0 | |a Teorías del arte contemporáneo. |b Fuentes artísticas y opiniones críticas. |
| 260 | |a Madrid, España: |b Ediciones Akal, |c 1995. | ||
| 300 | |a 711 páginas. | ||
| 490 | 0 | |a Colección Fuentes de Arte, Serie Mayor, |n 12. | |
| 500 | |a c.2-3: Instituto Arcos. 08-01-2025 | ||
| 583 | |a last modification |c 19990724 00:00:00 |k Rodrigo Vera | ||
| 650 | 0 | |a Arte contemporáneo |9 338008 |v Historia y teoría | |
| 650 | 0 | |a Arte moderno |9 265333 |x Artistas |v Cartas, entrevistas, etc. | |
| 650 | 0 | |a Arte |9 265238 |x Movimientos artísticos |y Siglo 20 | |
| 700 | |9 896064 |a Selz, Peter |e colaboración | ||
| 700 | |9 896066 |a Taylor, Joshua C. |e colaboración | ||
| 700 | |9 896067 |a Rodríguez Púertolas, Julio |e traducción | ||
| 942 | |c BK |2 ddc |n 0 | ||
| 945 | |d 19990724 00:00:00 |a vberengu | ||
| 952 | |0 0 |1 0 |2 ddc |4 0 |6 709_040000000000000_CHI_1995 |7 0 |8 R |9 323763 |a BIBART |b BIBART |d 2019-11-20 |i 353829K |l 2 |o 709.04 CHI 1995 |p 353829K |r 2025-03-13 |s 2024-09-11 |t 1 |w 2019-11-20 |y BK_R |k ART | ||
| 952 | |0 0 |1 0 |2 ddc |4 0 |6 709_040000000000000_CHI_1995 |7 0 |8 A |9 600270 |a BIBINC |b BIBINC |d 2025-01-31 |e Instituto Arcos |i 5665140 |o 709.04 CHI 1995 |p 5665140 |r 2025-01-31 |t 2 |w 2025-01-31 |y BK |k IFP | ||
| 952 | |0 0 |1 0 |2 ddc |4 0 |6 709_040000000000000_CHI_1995 |7 0 |8 A |9 600271 |a BIBINC |b BIBINC |d 2025-01-31 |e Instituto Arcos |i 5665141 |o 709.04 CHI 1995 |p 5665141 |r 2025-01-31 |t 3 |w 2025-01-31 |y BK |k IFP | ||